Composition manchester united finale ligue des champions 2009 - Statistiques

Statistiques générales
  • Ce quiz a été pris 902 fois
  • Le résultat moyen est 9 sur 12
Statistiques - réponses
Numéro Joueur % Correct
7 Ronaldo
98%
10 Rooney
94%
5 Ferdinand
90%
1 Van der Sar
90%
Entraineur Ferguson
86%
3 Évra
84%
15 Vidić
83%
11 (cap) Giggs
80%
16 Carrick
58%
13 Park
44%
8 Anderson
33%
22 O'Shea
21%
Aucun quiz correspondant
Distribution des résultats
% des personnes avec chaque résultat
Percentile par nombre de réponses
Votre historique - résultats
Vous n’avez pas pris ce quiz